MDQL
is popping MORE tags! Check the
thread
!
Quizzes
Events
Quiz Creation
Community
Videos
Private Events
Remove Ads
Sign In
Join for FREE
Feedback
Dark Mode
Quiz Categories
Sports
Geography
Music
Movies
Television
Just For Fun
Miscellaneous
History
Literature
Language
Science
Gaming
Entertainment
Religion
Holiday
For Kids
Quiz Lab
Recent
Popular Today
Quiz Kudos Today
Editor Picks
Curator Picks
Quizzes by...
Day
Popularity
Type
Ratings
Length
Year
Community
Subscriptions
Recent Discussions
Orange Saloon
Badges
Playlists
Quests
Create
Leaderboards
Showdown
Live 5
Trivia Bingo
Activity
Puzzle Library
Sporcle Events
Private Events
Virtual Trivia
Globe League
Become a Host
Pub Owners
SporcleCon
Opinionation
Our Games
Videos
Blog
Mobile Apps
Partnerships
Remove Ads and Go Orange
Feedback
Science
Computer
Plants
Astronomy
Chemistry
Elements
Math
Animal
Physics
Anatomy
Biology
Geology
General Science
Science
Computer
Plants
Astronomy
Chemistry
Elements
Math
Animal
Physics
Anatomy
Biology
Geology
General Science
Random Quiz
Search Sporcle
×
Quiz Lab
Quiz Lab
Science
Math
Type in answers that appear in a list
Type in answers that appear in a list
Classic
Best Score? Go Orange.
Alphabetical Math Stats
Can you name the mathematical term from it's description?
By
bstur
5m
26 Questions
88 Plays
88 Plays
88 Plays
Comments
Comments
Give Quiz Kudos
Give Quiz Kudos
-
- Ratings
hide this ad
Replay
Link that replays current quiz
Next Quiz
Link to next quiz in quiz playlist
You Got
0%
They Got
Avg Score
55%
Avg Friend Score
Upgrade to see
Score Distribution
Jump to the score distribution portion of the page
Score
0/26
Timer
05:00
0
Plays Today
Description
Term
% Correct
A) A function that returns the positive value of its argument
Absolute Value
81.8%
I) Gives the area under a curve
Integration
80.7%
M) An array of numbers
Matrix
77.3%
V) A mathematical object that has both magnitude and direction
Vector
77.3%
Z) The real number that is neither positive nor negative
Zero
77.3%
X) The horizontal line along y = 0
X Axis
76.1%
U) The set of all elements in two or more sets
Union
70.5%
D) Computing the slope of a function
Differentiation
69.3%
Q) Formula for finding roots of polynomials of degree 2
Quadratic Formula
67%
O) Used to describe two vectors whose inner product is zero
Orthogonal
64.8%
E) A scalar c such that Ax = cx, where A is a matrix and x is a vector
Eigenvalue
61.4%
J) A determinant of partial derivatives
Jacobian
56.8%
N) A subspace of vectors x such that Ax = 0
Null Space
55.7%
Description
Term
% Correct
T) Can be used to express some functions as a power series
Taylor Series
53.4%
Y) A point along a curve in a plane where x = 0
Y Intercept
53.4%
L) An operator L such that L(ax + by) = aL(x) + bL(y)
Linear Operator
51.1%
C) Behavior of Cauchy sequences in a complete metric space
Convergence
50%
R) Converges to a definite integral as its maximum partition goes to zero
Riemann Sum
45.5%
P) The addition of the first n terms in a series
Partial Sum
42%
G) Relates line integrals to double integrals in a plane
Green's Theorem
38.6%
S) Relates a surface integral to a line integral
Stokes' Theorem
37.5%
F) Expression a function as a linear combination of trig functions
Fourier Series
36.4%
B) A complete linear space with a norm defined on it
Banach Space
33%
H) A complete linear space with an inner product defined on it
Hilbert Space
29.5%
W) Used to determine if functions are linearly independent
Wronskian
29.5%
K) Function on natural numbers i,j that equals 1 when i = j and 0 when i and j are distinct
Kronecker Delta
20.5%
Quiz Playlist
Details
Report
Send in Message
Add To Playlist
Classic:
Type in answers that appear in a list
Last Updated: Feb 16, 2017
Quiz Scoreboard
CHALLENGE
Sign Up to Join the Scoreboard
Show All
Scores
Hide
Comments
May contain spoilers
Recently Published
1-10 Letter E Words III
by El_Dandy
Language
2m
Street Fighter Characters
by Artimus82
Gaming
60s
College Basketball Coaching Resumes
by pancakes188
Sports
9m
More to Explore
Quiz From the Vault
Featured Blog Post
Where Did the Easter Bunny Come From?
hide this ad
You Might Also Like...
Tags
Math Quiz
Alphabetical
description
Term
Today's Top Quizzes in Science
Browse Science
hide this ad
Today's Top Quizzes in Math
Browse Math
Top Contributed Quizzes in Science
1
Quick Pick: Radians
2
The First 100 Digits of Pi
3
Quick Pick: 'CI-CJ' Animals
4
Elements In Images
5
perfect squares 1-25
6
One Thing in Common: Science
7
One Thing in Common: Science II
8
One Thing in Common: Animals
9
One Thing in Common: Science III
10
Order Up: Organs and Body Systems
Explore More
Trending Topics
Crossword
Kpop
Anime
Disney
Harry Potter
Marvel
NBA
Pokémon
The Office
Country
Soccer
Song
WWE
NFL
Puzzle
hide this ad
More By:
bstur
Quiz
Plays
Rating
Category
Featured
Created
Mountain Ranges by Highest Peak
206
4.40
Geography
Jan 17, 2011
National Parks and Monuments by U.S. State
134
4.75
Geography
Sep 14, 2014
Alphabetical Math
88
3.50
Science
Jan 14, 2011
Equatorial Bodies of Water
86
3.33
Geography
Jan 17, 2011
Physics Constants Quiz
25
Science
Jan 19, 2011
Go to Creator's Profile
Score Distribution
Quiz Creator Spotlight
bstur
Follow
Send a Message
Quizzes Created
-
Created Quiz Play Count
-
More By This Creator
Popular Quizzes Today
1
Find the US States - No Outlines Minefield
2
Find the Countries of Europe - No Outlines Minefield
3
The Countries of the World
4
Find the US States
5
Risky Map Clicking: Biggest States A-Z
6
US States
7
Popular People in 1961
8
Movies - When Are They Set?
More Science Quizzes
A Lot of Fuss About Nothing
Editor's Pick
Trending Quizzes
Risky Map Clicking: Least Populous States A-Z
USA Borders Longest to Shortest
1-10 Letter G Words
1-10 Letter F Words
Countries of the World: 200 Million BC
Recently Updated
Leaping Animals
pecheneg
Reality TV Shows (A-Z)
bhenderson79
Rickey Henderson's Hall of Fame Teammates
pecheneg
Champions League XIs: Arsenal
pecheneg
Quick Pick: Celebrities in WWE's Hall of Fame
aduchscher
A-Z Keypad Blitz II
pecheneg
Multiple Oscar Actors
pecheneg
Mystery Phrase Blitz: Oscar 'Best Actors'
pecheneg
F. Scott Fitzgerald Novels
LTH
Pick 3 Villains
ddd62291
Trending Topics
Anime
Crossword
NBA
Harry Potter
Marvel
Disney
Kpop
Soccer
WWE
Pokémon
Puzzle
NFL
Country
The Office
Song
Your Account Isn't Verified!
In order to create a playlist on Sporcle, you need to verify the email address you used during registration. Go to your
Sporcle Settings
to finish the process.
Report this User
Report this user for behavior that violates our
Community Guidelines
.
Details:
Send Report
Go to the Sporcle.com Mobile Site →
Comments